| 000 | 01444nam a2200181 i 4500 | ||
|---|---|---|---|
| 001 | 170543 | ||
| 003 | ES-MaACL | ||
| 005 | 20230906214407.0 | ||
| 008 | 090313s1805 sp |||| | spa d | ||
| 245 | 0 | 0 |
_aMemorias de la Real Academia de la Historia. _nTomo IV. |
| 260 |
_aMadrid : _b[s.n.], _c1805 ( _fImprenta de Sancha) |
||
| 300 |
_aXXXVIII, 26, 63, VIII, 85, 84, 34, 73 p. ; _c25 cm. |
||
| 505 | 8 | _aContiene: Noticia histórica de la Academia desde el mes de Agosto de 1796 hasta el de Julio de 1802 ... / por Josef Cornide (P. I-XXIV) ; Catálogo de los Señores Individuos de la Real Academia de la Historia (P. XXV-XXXVIII) ; Elogio historico del Cardenal Don Frai Francisco Gimenez de Cisneros ... / por Vicente González Arnao (25 p.) ; Ensayo histórico-crítico sobre el origen y progresos de las lenguas del romance en Castellano / por Francisco Martinez Marina (63 p.) ; Catálogo de algunas voces castellanas (VIII, 85 p.) ; Discurso histórico sobre el origen y succesion del reyno pirenaico hasta Don Sancho el mayor ... / Joaquin Traggia (84 p.) ; Nueva demostracion sobre la falsedad del privilegio ... / por Joaquin Antonio del Camino (34 p.) ; Discurso sobre ... artilleria ... / por Don Vicente de los Rios (65 p.) | |
| 610 | 2 | 4 |
_aReal Academia de la Historia (España)- _vMemorias. _9152005 |
| 651 | 4 |
_aEspaña- _xHistoria. _98209 |
|
| 710 | 2 |
_aReal Academia de la Historia (España) _96309 |
|
| 852 |
_aES-MaACL _jR-2763 |
||
| 999 |
_c170543 _d170543 |
||